000 00253nam a2200097Ia 4500
001 724690
005 20250826163355.0
008 250824s9999 xx 000 0 und d
245 0 _aYASEMİNLER TÜTER Mİ, Hâlâ?
_cALEV ALATLI
260 _bEVEREST YAYINLARI
999 _c724690
_d724690